Organic name reactions: Principles, mechanisms and applications (Record no. 3349)
[ view plain ]
| 000 -LEADER | |
|---|---|
| fixed length control field | 00510nam a2200169Ia 4500 |
| 008 - FIXED-LENGTH DATA ELEMENTS--GENERAL INFORMATION | |
| fixed length control field | 230917s9999||||xx |||||||||||||| ||und|| |
| 020 ## - ISBN | |
| Price | RS 495.00 |
| 040 ## - CATALOGING SOURCE | |
| -- | 5010580 |
| Original cataloging agency | VIVEKANANDA LIBRARY |
| 041 ## - Language | |
| -- | English |
| 082 ## - DDC NUMBER | |
| Classification number | 547.2 B239O |
| 100 ## - MAIN ENTRY--PERSONAL NAME | |
| Personal name | Bari, Sanjay B |
| 245 #0 - TITLE STATEMENT | |
| Title | Organic name reactions: Principles, mechanisms and applications |
| 260 ## - PUBLICATION, DISTRIBUTION, ETC. (IMPRINT) | |
| Place of publication, distribution, etc | Hyderabad |
| Name of publisher, distributor, etc | PharmaMed Press |
| Date of publication, distribution, etc | 2021 |
| 300 ## - PHYSICAL DESCRIPTION | |
| Pages | xii, 466 p. |
| 500 ## - GENERAL NOTE | |
| General note | 4175 12/11/2021 PBA22/318 25/11/2021 Pharmaceutical Sciences (Non- Plan) |
| 942 ## - ADDED ENTRY ELEMENTS (KOHA) | |
| Koha item type | Books |
| Withdrawn status | Lost status | Damaged status | Not for loan | Location (home branch) | Sublocation or collection (holding branch) | Date acquired | Koha issues (times borrowed) | Koha full call number | Accession No. | Koha date last seen | Koha item type |
|---|---|---|---|---|---|---|---|---|---|---|---|
| VIVEKANANDA LIBRARY | VIVEKANANDA LIBRARY | 25/01/2022 | 1 | 547.2 B239O | 398185 | 05/12/2025 | Books | ||||
| VIVEKANANDA LIBRARY | VIVEKANANDA LIBRARY | 25/01/2022 | 547.2 B239O | 398186 | 17/09/2023 | Books | |||||
| VIVEKANANDA LIBRARY | VIVEKANANDA LIBRARY | 25/01/2022 | 547.2 B239O | 398187 | 17/09/2023 | Books | |||||
| VIVEKANANDA LIBRARY | VIVEKANANDA LIBRARY | 25/01/2022 | 1 | 547.2 B239O | 398188 | 13/11/2023 | Books | ||||
| VIVEKANANDA LIBRARY | VIVEKANANDA LIBRARY | 25/01/2022 | 547.2 B239O | 398189 | 17/09/2023 | Books |
